Normal view
MARC view
- Litfullah, Walid
Entry Personal Name
001 - CONTROL NUMBER
- control field: 2065
003 - CONTROL NUMBER IDENTIFIER
- control field: OSt
005 - DATE AND TIME OF LATEST TRANSACTION
- control field: 20170508101716.0
008 - FIXED-LENGTH DATA ELEMENTS
- fixed length control field: 170508|| aca||aabn | a|a d
040 ## - CATALOGING SOURCE
- Original cataloging agency: OSt
- Transcribing agency: OSt
100 ## - HEADING--PERSONAL NAME
- Personal name: Litfullah, Walid
670 ## - SOURCE DATA FOUND
- Source citation: Work cat.: (OSt)0: Litfullah, Walid, Wanita muslimah dan cara mengatasi budaya Barat /, 1989

PORTAL AKMAL
E-MEL JKDM
AKMAL2U
G-BAM
u-PUSTAKA